000 00554nam a2200205 i 4500
001 C2-0296306
003 PPAK
005 20180728074653.0
008 090416s xx |||| ||||| | eng d
040 _aPPAK
_beng
_cPPAK
_erda
082 0 4 _a307
_223
090 0 0 _a307
_bCAR
_dKIH
100 1 _aCarey, iskandar,
_eauthor
245 1 4 _aThe administration of the aboroginal tribes of western malaysia
300 _a69 pages ;
_c23 cm
336 _2rdacontent
_atext
337 _2rdamedia
_aunmediated
338 _2rdacarrier
_avolume
942 _ddc
_cB
999 _c100768
_d100768